[Event "Kurnosov Memorial Rapid 2020"]
[Site "Chelyabinsk"]
[Date "2020.09.05"]
[Round "6.12"]
[White "Kryakvin, Dmitry"]
[Black "Paravyan, David"]
[Result "0-1"]
[WhiteElo "2594"]
[BlackElo "2653"]
[Annotator "RC"]
[PlyCount "88"]
[EventDate "2020.09.04"]
[EventType "swiss"]
[EventCountry "RUS"]
[SourceTitle "playchess.com"]
[Source "ChessBase"]
[SourceQuality "1"]
[TimeControl "900+10"]

1. d4 {[%emt 0:00:00]} Nf6 {[%emt 0:00:00]} 2. c4 {[%emt 0:00:00]} g6 {[%emt 0:00:00]} 3. Nc3 {[%emt 0:00:17]} d5 {[%emt 0:00:00]} 4. cxd5 {[%emt 0:00:08]} Nxd5 {[%emt 0:00:00]} 5. Bd2 {[%emt 0:00:01]} Bg7 {[%emt 0:01:02]} 6. e4 {[%emt 0:00:04]} Nb6 {[%emt 0:00:02]} 7. Be3 {[%emt 0:00:20]} O-O {[%emt 0:00:03]} 8. Be2 {[%emt 0:00:22]} Nc6 {[%emt 0:02:42]} 9. d5 {[%emt 0:00:48]} Ne5 {[%emt 0:06:37]} 10. Bd4 {[%emt 0:00:31]} c5 {[%emt 0:02:24]} 11. Bxc5 {[%emt 0:02:57]} Nec4 {[%emt 0:00:01]} 12. Qb3 {[%emt 0:03:39]} Nxb2 {[%emt 0:01:28]} 13. Rc1 {[%emt 0:00:41]} Bxc3+ {[%emt 0:00:24]} 14. Qxc3 {[%emt 0:02:55]} N2a4 {[%emt 0:00:04]} 15. Qd4 {[%emt 0:02:08]} Nxc5 {[%emt 0:00:03]} 16. Rxc5 {[%emt 0:00:02]} e5 {[%emt 0:00:04]} 17. Qb4 {[%emt 0:00:36]} f5 {[%emt 0:02:34]} 18. exf5 {[%emt 0:00:36]} Bxf5 {[%emt 0:00:03]} 19. Nf3 {[%emt 0:00:12]} Qd6 {[%emt 0:00:16]} 20. Rb5 {[%emt 0:01:39]} Qxb4+ {[%emt 0:00:17]} 21. Rxb4 {[%emt 0:00:01]} Rfd8 {[%emt 0:00:14]} 22. Rb5 {[%emt 0:00:28]} Rac8 {[%emt 0:00:08]} 23. O-O {[%emt 0:00:03]} Rc2 {[%emt 0:00:04]} 24. Re1 {[%emt 0:00:15]} Rxd5 {[%emt 0:00:18]} 25. Rxd5 {[%emt 0:00:11]} Nxd5 {[%emt 0:00:02]} 26. Nxe5 {[%emt 0:00:01]} Kg7 {[%emt 0:00:18]} 27. Bc4 {[%emt 0:00:15]} Nc3 {[%emt 0:00:07]} 28. Bb3 {[%emt 0:00:07]} Rb2 {[%emt 0:00:11]} 29. Nc4 {[%emt 0:00:08]} Rb1 {[%emt 0:00:13]} 30. Rxb1 {[%emt 0:00:02]} Bxb1 {[%emt 0:00:03]} 31. a4 {[%emt 0:00:03]} Ne2+ {[%emt 0:00:12]} 32. Kh1 {[%emt 0:00:35]} Be4 {[%emt 0:00:07]} 33. Nd6 {[%emt 0:00:09]} Bc6 {[%emt 0:00:03]} 34. a5 {[%emt 0:00:03]} Kf6 {[%emt 0:00:08]} 35. a6 {[%emt 0:00:15]} bxa6 {[%emt 0:00:11]} 36. Bc4 {[%emt 0:00:13]} Nf4 {[%emt 0:00:01]} 37. f3 {[%emt 0:00:05]} a5 {[%emt 0:00:22]} 38. Nc8 {[%emt 0:00:01]} a4 {[%emt 0:00:21]} 39. Nxa7 {[%emt 0:00:03]} Bd5 {[%emt 0:00:02]} 40. Bxd5 {[%emt 0:00:05]} Nxd5 {[%emt 0:00:01]} 41. Nb5 {[%emt 0:00:01]} Ne3 {[%emt 0:00:16]} 42. Kg1 {[%emt 0:00:17]} Nc2 {[%emt 0:00:14]} 43. Kf2 {[%emt 0:00:01]} a3 {[%emt 0:00:01]} 44. Nc3 {[%emt 0:00:01]} Nb4 {[%emt 0:00:16]} 0-1

[Event "Kurnosov Memorial Rapid 2020"]
[Site "Chelyabinsk"]
[Date "2020.09.05"]
[Round "7.1"]
[White "Lysyj, Igor"]
[Black "Rakhmanov, Aleksandr"]
[Result "1/2-1/2"]
[WhiteElo "2594"]
[BlackElo "2645"]
[Annotator "TA"]
[PlyCount "69"]
[EventDate "2020.09.04"]
[EventType "swiss"]
[EventCountry "RUS"]
[SourceTitle "playchess.com"]
[Source "ChessBase"]
[SourceQuality "1"]

{[%evp 9,69,33,44,34,45,37,33,39,41,32,46,37,52,35,55,50,39,40,62,60,71,67,74,80,105,66,84,85,126,83,175,79,175,176,181,111,183,121,139,139,139,139,139,139,139,139,139,139,139,139,139,139,150,150,150,150,150,133,150,140,139,13]} 1. d4 d6 2. Nf3 Nf6 3. c4 g6 4. Nc3 Bf5 5. d5 e5 6. h3 {[#] E61: King's Indian: Early deviations for White, including Smyslov System.} Ne4 $146 ({Predecessor:} 6... Bg7 7. g4 Bd7 8. e4 a5 9. Be3 Na6 10. Be2 b6 11. Nd2 h5 12. g5 Nh7 13. Nf3 {1-0 (35) Jojua,D (2586)-Petriashvili,N (2371) Tbilisi 2018}) 7. Nxe4 Bxe4 8. Ng5 {White is slightly better.} Bf5 9. e4 Bd7 10. Be3 a5 11. h4 $36 {[%mdl 2048] White has good play.} h6 12. Nf3 Na6 13. h5 g5 14. Nd2 Be7 15. Be2 Qc8 16. Nf1 c5 17. Nh2 Nc7 18. a4 Kd8 19. Bg4 Ne8 (19... f5 $16 20. exf5 Na6) 20. Qf3 (20. Bxd7 $1 $18 Qxd7 21. g4) 20... Nf6 (20... Bxg4 $16 {might work better.} 21. Nxg4 Ng7) 21. Bxd7 $18 Qxd7 {[#]} 22. Bd2 (22. g4 $1 $18) 22... Kc7 (22... g4 $16 23. Qe2 Nxh5) 23. Nf1 (23. g4 $18) 23... Qg4 24. Qxg4 {White is clearly better.} Nxg4 25. Ng3 Nf6 26. Nf5 Kd7 27. f3 b6 28. Ra3 Rag8 29. Ke2 Bd8 30. Raa1 Ne8 31. Ne3 Ng7 32. Bc3 Rf8 33. g3 Rh7 34. Raf1 f5 {[#]} 35. g4 {Accuracy: White = 71%, Black = 71%.} ({White should try} 35. f4 $1 $16) 1/2-1/2

[Event "Kurnosov Memorial Rapid 2020"]
[Site "Chelyabinsk"]
[Date "2020.09.05"]
[Round "7.2"]
[White "Matlakov, Maxim"]
[Black "Sarana, Alexey"]
[Result "1/2-1/2"]
[WhiteElo "2685"]
[BlackElo "2654"]
[Annotator "TA"]
[PlyCount "145"]
[EventDate "2020.09.04"]
[EventType "swiss"]
[EventCountry "RUS"]
[SourceTitle "playchess.com"]
[Source "ChessBase"]
[SourceQuality "1"]

{[%evp 11,145,15,8,4,13,-11,-11,-42,0,-21,23,22,46,37,25,22,37,20,13,24,35,25,19,0,0,0,47,43,73,73,66,71,85,62,68,67,76,66,76,76,110,77,68,60,92,51,52,41,44,44,52,49,55,26,85,37,51,42,63,59,202,202,310,310,310,310,310,310,414,310,310,310,310,310,310,310,310,304,286,217,191,15,137,137,137,137,137,104,104,104,255,230,201,201,29972,29973,29974,29975,29974,29975,29976,29977,29977,0,29976,29977,29978,29975,29976,0,29976,29975,29976,29977,29977,29978,29976,29977,29982,29980,29973,158,162,8,8,8,8,8,8,8,8,8,8,0,8,8]} 1. d4 Nf6 2. c4 e6 3. g3 Bb4+ 4. Bd2 Be7 5. Bg2 d5 6. Nf3 O-O 7. Qc2 {E11: Bogo-Indian.} Nbd7 8. Nc3 {[#]} dxc4 $146 ({Predecessor:} 8... c5 9. cxd5 cxd4 10. Nxd4 exd5 11. Nf5 Nb6 12. Be3 Be6 13. O-O {½-½ (13) Fiuza,E (2016)-Dos Santos,F (1784) Recife 2019}) 9. Rd1 c5 10. O-O a6 11. dxc5 Bxc5 12. Ne4 Nxe4 $1 13. Qxe4 Qe7 14. Ng5 {[%csl Gg5][%cal Re4h7]} Nf6 15. Qxc4 e5 16. Bc3 Bf5 17. Nf3 Rac8 {Strongly threatening ...Bxf2+!} 18. Qh4 e4 19. Nd4 $36 {[%mdl 2048] Black is under pressure.} Bg6 20. Bh3 $1 {aiming for Nf5.} Bxd4 21. Rxd4 Rcd8 22. Rfd1 Rxd4 23. Rxd4 Rd8 24. Qf4 h5 25. Qe5 Qf8 26. a3 Rxd4 27. Bxd4 Qd8 28. Bg2 Qd7 29. h3 Qc6 30. e3 Kh7 31. Bf1 Qd7 32. Kh2 Bf5 (32... Ne8 $11 {remains equal.}) 33. b4 Kg6 34. Bg2 Qc6 35. Qf4 Qe6 (35... Nd5 $14 36. Bxe4 Nxf4 37. Bxc6 bxc6 38. gxf4 h4) 36. Bxf6 $18 gxf6 {[#]} (36... Qxf6 $142 37. g4 (37. Bxe4 Bxe4 38. Qxe4+ {[%mdl 64] Double Attack} Qf5 $16) 37... hxg4) 37. g4 $1 {[%cal Rg4f5][%mdl 576] Decoy} hxg4 38. hxg4 Bxg4 39. Qxe4+ ({Weaker is} 39. Bxe4+ Kg7 $16) 39... Kg5 40. Qxe6 fxe6 41. Bxb7 {[%mdl 4096] Endgame KB-KB} Be2 42. a4 Kf5 43. f4 e5 44. Kg3 Ke6 45. Bc6 Kd6 46. b5 $2 (46. Be4 $18) 46... a5 (46... exf4+ $11 47. exf4 (47. Kxf4 Bd1 $11) 47... Kc5) 47. Bf3 $16 Bd3 48. Bd1 Bf5 49. Kh4 exf4 50. exf4 Ke7 $2 {[#]} (50... Bg6 $16 {was worth a try.} 51. Bb3 Kc5) 51. Kh5 $1 $18 {[%cal Rh5h6]} Be4 52. Kh6 Bb7 $2 (52... f5 $18 53. Bb3 Kd6) 53. Kg6 Be4+ 54. f5 Bd5 55. b6 Be4 56. Be2 Bc6 57. Bd1 $2 (57. Bb5 Bb7 58. Bc4 Bc6 59. Bb5 Be4 60. Ba6 Kd7 61. Kxf6 Kd6 62. Bb5) 57... Bd5 $2 {[%mdl 8192] [#]} (57... Be4 $11 58. Be2 Bc6) 58. Bb3 $1 {[%mdl 512]} Bb7 (58... Bxb3 59. b7) 59. Bc2 Bd5 60. Bd1 $2 (60. Bd3 Bc6 61. Bb5 Bb7 62. Kg7 Be4 63. Ba6 Kd7 64. Kxf6 Bc2 65. Ke5) 60... Bb7 $2 {[%mdl 8192]} (60... Be4 $11 61. Be2 Bc6) 61. Kg7 Bd5 62. Be2 Bc6 63. Bc4 Kd6 64. Kxf6 Bxa4 65. Kg7 Be8 66. f6 $2 (66. Kf8 {mates} Bh5 67. Bb5 Bf3 68. f6 Bd5 69. f7 Kc5 70. Ke7 Kxb6 71. f8=Q Kxb5 72. Kd6) 66... a4 $16 67. Bb5 $2 ({White should try} 67. b7 $18 Kc7 68. Kf8) 67... a3 $11 {And now ...a2 would win.The position is equal.} 68. Bc4 {b7 is the strong threat.} ({Wrong is} 68. Bxe8 $2 a2 $19) 68... Kc6 69. Kf8 Bh5 70. Ke7 Kxb6 71. f7 Bxf7 $1 72. Kxf7 a2 73. Bxa2 {White really could win this. Accuracy: White = 74%, Black = 64%.} 1/2-1/2

[Event "Kurnosov Memorial Rapid 2020"]
[Site "Chelyabinsk"]
[Date "2020.09.05"]
[Round "7.3"]
[White "Vitiugov, Nikita"]
[Black "Sjugirov, Sanan"]
[Result "0-1"]
[WhiteElo "2722"]
[BlackElo "2675"]
[Annotator "TA"]
[PlyCount "117"]
[EventDate "2020.09.04"]
[EventType "swiss"]
[EventCountry "RUS"]
[SourceTitle "playchess.com"]
[Source "ChessBase"]
[SourceQuality "1"]

{[%evp 22,117,27,29,77,14,56,18,55,35,20,27,27,25,41,26,47,0,91,0,0,0,6,0,53,0,0,0,14,5,5,3,8,12,14,4,18,36,14,14,27,-103,-102,-110,-103,-103,-85,-85,-85,-85,-85,-85,-85,-85,-85,-85,-85,-85,-63,-73,-69,-101,-44,-81,-62,-74,-62,-143,-117,-110,-77,-66,-68,-222,-89,-201,-202,-238,-53,-82,-51,-251,-251,-416,-243,-270,-265,-810,-222,-891,-838,-29965,-29963,-29984,-29985,-29988,-29989,-29989]} 1. e4 c5 2. Nf3 Nc6 3. d4 cxd4 4. Nxd4 Nf6 5. Nc3 e5 6. Ndb5 d6 7. Bg5 a6 8. Na3 b5 9. Nd5 Be7 10. Bxf6 Bxf6 11. c3 Be6 12. Nc2 Ne7 {B33: Sicilian: Pelikan and Sveshnikov Variations.} 13. Ncb4 (13. Nxf6+ $16 gxf6 14. Bd3) 13... O-O 14. a4 {[#]} bxa4 $146 {The position is equal.} ({Predecessor:} 14... Nxd5 15. exd5 Bd7 16. Be2 e4 17. O-O e3 18. f4 Qb6 19. Qd3 Ra7 20. Rae1 g6 21. Qb1 Re8 22. f5 Kg7 23. Rf3 g5 24. h3 Qc5 25. Qc1 h5 {0-1 (25) Cuhendi,S (2450)-Shomoev,A (2565) Olongapo City 2015}) 15. Bxa6 Nxd5 16. exd5 Bd7 17. Bb7 Ra5 18. Bc6 a3 19. O-O e4 (19... axb2 $11 {keeps the balance.} 20. Rxa5 Bf5) 20. Qc2 (20. Bxd7 $16 Qxd7 21. Nc6) 20... Bf5 $11 21. Rxa3 Rxa3 22. bxa3 Qa5 (22... Qb6 $11) 23. Qc1 (23. Qb3 $14) 23... Qc5 24. c4 h6 25. Bb5 Bg5 $36 {[%mdl 2048] Black is pushing.} 26. Qc3 e3 27. fxe3 Bxe3+ 28. Kh1 Be4 29. Re1 Bd4 30. Qd2 f5 31. Nc6 (31. a4 $11) 31... Bf2 $1 $17 {[%cal Rf2e1]} 32. Rf1 Be3 33. Qb4 f4 34. Qxc5 Bxc5 35. h3 f3 36. gxf3 Rxf3 37. Rxf3 Bxf3+ {[%mdl 4096] Endgame KBB-KBN} 38. Kh2 {Strongly threatening a4.} Bxa3 39. Kg3 Bd1 40. Nd4 Kf7 41. Bd7 h5 (41... Bb2 $17 42. Nf3 Kf6) 42. Ne6 Kf6 43. Be8 g6 44. Bd7 (44. h4 $15) 44... Bb3 45. Bb5 Bb2 46. Kf4 {[#]} g5+ $1 {[%mdl 512]} 47. Kf3 $2 {[#]} ({Better is} 47. Ke4 $1 $15) (47. Nxg5 Be5+) 47... Kf5 (47... h4 $1 $19 48. Nf8 Bd1+ 49. Kf2 Bd4+ 50. Kg2 g4 51. hxg4 Bxg4 52. Nh7+ Kg6) 48. Kg3 (48. Ke3 $17 {was worth a try.}) 48... Be5+ $19 49. Kg2 Bc2 $2 (49... g4 $19 50. h4 Bf6) 50. Be8 $1 $15 h4 51. Bd7 $2 {[#]} ({White should play} 51. Bh5 $1 $15) 51... Kf6 $1 $19 {aiming for ...Be4+.} 52. Kf3 $2 (52. Nc7) 52... Bb3 (52... Bd1+ $142 53. Kf2 g4) 53. Bb5 Bd1+ 54. Kg2 $2 (54. Ke3) 54... Bc2 $2 (54... g4 {Threatens to win with ...Bf3+.} 55. Be8 Bf3+ 56. Kf2 Be4) 55. c5 $2 (55. Kf3) 55... Be4+ {[%mdl 64] Double Attack} 56. Kf1 g4 $1 {[%cal Rg4h3] Black mates.} 57. cxd6 Bxd6 58. hxg4 h3 59. g5+ {Accuracy: White = 42%, Black = 58%.} 0-1

[Event "Kurnosov Memorial Rapid 2020"]
[Site "Chelyabinsk"]
[Date "2020.09.05"]
[Round "7.4"]
[White "Demidov, Mikhail"]
[Black "Timofeev, Artyom"]
[Result "1/2-1/2"]
[WhiteElo "2519"]
[BlackElo "2580"]
[Annotator "TA"]
[PlyCount "119"]
[EventDate "2020.09.04"]
[EventType "swiss"]
[EventCountry "RUS"]
[SourceTitle "playchess.com"]
[Source "ChessBase"]
[SourceQuality "1"]

{[%evp 19,119,14,17,15,39,41,25,29,30,33,25,26,34,31,32,2,7,0,0,2,2,0,0,0,0,0,0,0,0,0,0,0,0,0,1,0,0,0,0,0,0,0,18,0,0,0,5,0,6,0,6,6,129,123,67,101,132,122,168,130,126,123,132,133,267,239,222,0,265,225,200,200,299,295,276,0,0,0,0,0,19,0,18,0,0,0,0,0,0,0,0,0,0,0,0,0,0,0,0,0,0,0]} 1. Nf3 c5 2. e3 Nf6 3. d4 e6 4. c4 d5 5. a3 dxc4 6. Bxc4 a6 7. O-O b5 8. Be2 Bb7 9. dxc5 Bxc5 10. Qxd8+ Kxd8 11. a4 {D27: Queen's Gambit Accepted: Classical main line: 7 e4!? and 7 a4.} bxa4 12. Nc3 Nbd7 13. Nxa4 {White has an edge.} Bd6 14. Nd2 Ke7 15. Nc4 Bb4 16. f3 Ne8 17. e4 Nd6 18. Be3 Nxc4 19. Bxc4 Bc6 20. Rfd1 a5 21. Bd4 f6 22. b3 Rhc8 23. Be2 Bxa4 24. bxa4 Bc5 25. Bb5 {Strongly threatening Bxd7.} Bxd4+ 26. Rxd4 Nc5 27. Rc1 Rc7 28. h4 Rac8 29. Rcd1 e5 30. Rd6 h5 31. Kh2 Rb8 32. R1d5 Rbc8 33. Rd1 Rb8 34. R1d2 Rbc8 35. R2d5 Rb8 (35... Ra7 $11 {remains equal.}) 36. Rc6 $1 $16 {[%cal Rc6c7]} Rxc6 37. Bxc6 {[%mdl 4096] Endgame KRB-KRN} Ne6 38. Rxa5 Rb2 39. Ra7+ Kd6 40. Bd5 {And now Ra6+ would win.} Nd4 {[#]} 41. Kh3 $1 ({Resist} 41. Rxg7 $6 Nxf3+ 42. Kh3 Ng1+ 43. Kg3 Ne2+ 44. Kf3 Nf4 $14) 41... g5 (41... Ne2 $16 {keeps fighting.}) 42. Ra6+ Ke7 {intending ...Ne2.} 43. Ra7+ Kd6 44. hxg5 fxg5 {next ...Ne2 is good for Black.} 45. Rg7 Ne2 (45... Rb1 $142 46. Rxg5 Rh1+ 47. Kg3 Ne2+ 48. Kf2 Nf4) 46. Rxg5 $18 Nf4+ {[#]} 47. Kh4 $2 (47. Kh2 $1 $18) 47... Nxg2+ $11 {The position is equal.} 48. Kxh5 {Rg6+ is the strong threat.} Nf4+ 49. Kh6 Rb4 50. a5 Ra4 51. Rg8 Rxa5 52. Bb3 Ra3 53. Rb8 Kc7 54. Rb4 Nd3 55. Rb5 Ne1 56. Bd1 Nxf3 57. Bxf3 Rxf3 58. Rxe5 Kd6 59. Rf5 Re3 60. e5+ {Blacks defense is rewarded with a draw. Accuracy: White = 93%, Black = 80%.} 1/2-1/2

[Event "Kurnosov Memorial Rapid 2020"]
[Site "Chelyabinsk"]
[Date "2020.09.05"]
[Round "7.5"]
[White "Demchenko, Anton"]
[Black "Paravyan, David"]
[Result "1/2-1/2"]
[WhiteElo "2641"]
[BlackElo "2653"]
[Annotator "TA"]
[PlyCount "143"]
[EventDate "2020.09.04"]
[EventType "swiss"]
[EventCountry "RUS"]
[SourceTitle "playchess.com"]
[Source "ChessBase"]
[SourceQuality "1"]

{[%evp 17,143,0,0,0,0,0,12,9,40,34,30,36,37,35,46,39,43,41,59,59,64,52,60,24,61,61,68,66,67,61,75,61,77,73,77,48,76,76,70,43,43,43,43,41,40,38,43,43,49,49,47,27,23,12,12,12,13,14,20,20,21,21,21,21,24,24,24,8,8,8,8,4,4,4,7,7,7,7,7,7,7,4,4,4,4,4,7,7,7,7,7,7,7,7,7,7,7,7,7,7,7,0,8,8,8,8,8,7,7,7,8,7,7,7,7,0,7,4,7,7,7,7,7,0,8,8,8,8]} 1. e4 e5 2. Nf3 Nf6 3. Nc3 Nc6 4. d4 exd4 5. Nxd4 Bb4 6. Nxc6 bxc6 7. Bd3 O-O 8. O-O d5 9. exd5 cxd5 10. h3 {C47: Scotch Four Knights and Four Knights with 4 g3.} Be6 11. Qf3 c5 12. Rd1 {[#]} Qc8 $146 ({Predecessor:} 12... Bxc3 13. bxc3 Qa5 14. Bg5 Ne4 15. Bxe4 {½-½ (15) Narayanan,S (2549)-Smirnov,A (2529) Gold Coast 2018}) 13. Bg5 Bxc3 $1 14. bxc3 Ne4 $1 {[%cal Re4g5]} 15. Bxe4 dxe4 16. Qxe4 Bf5 17. Qc4 Qe6 18. Qxe6 Bxe6 19. a4 Rfb8 20. Rab1 Bf5 21. Rxb8+ Rxb8 $14 {[%mdl 4096] Endgame KRB-KRB} 22. Bf4 Rc8 23. a5 h6 24. Be3 Rc6 25. g4 Bxc2 26. Rd8+ Kh7 27. Rd7 Ra6 28. Bxc5 Rxa5 29. Bxa7 Bb3 30. Kh2 Be6 31. Rc7 h5 32. Kg3 g5 33. gxh5 Kh6 34. Be3 Kxh5 35. f4 gxf4+ 36. Bxf4 Rd5 37. Be3 Rd3 38. Kf4 Bxh3 39. Rxf7 Kg6 40. Rc7 Kf6 41. c4 {[%cal Bc3c4,Bc4c5][%mdl 32]} Ke6 42. c5 Rd7 {The position is equal.} 43. Rc6+ Kd5 44. Rh6 Rf7+ 45. Kg3 Be6 46. Bf4 Bd7 47. Bd6 Bc6 48. Rh5+ Kc4 49. Rh8 Rf3+ 50. Kg4 Rf1 51. Kg5 Rf2 52. Rc8 Kb5 53. Rb8+ Kc4 54. Rb6 Kd5 55. Ra6 Rf1 56. Ra2 Rf3 57. Rd2+ Kc4 58. Be7 Rf1 59. Rd6 Kb5 60. Rd4 Rf7 61. Bd6 Rf1 62. Rd2 Kc4 63. Re2 Kb4 64. Re3 Kc4 65. Kg6 Kd4 66. Re7 Kc4 67. Kg7 Rf2 68. Re5 Rf1 69. Rh5 Rf2 70. Bc7 Rf1 71. Bb6 Rf3 72. Rh4+ {Accuracy: White = 97%, Black = 96%.} 1/2-1/2

[Event "Kurnosov Memorial Rapid 2020"]
[Site "Chelyabinsk"]
[Date "2020.09.05"]
[Round "7.6"]
[White "Frolyanov, Dmitry"]
[Black "Esipenko, Andrey"]
[Result "1/2-1/2"]
[WhiteElo "2546"]
[BlackElo "2682"]
[Annotator "TA"]
[PlyCount "85"]
[EventDate "2020.09.04"]
[EventType "swiss"]
[EventCountry "RUS"]
[SourceTitle "playchess.com"]
[Source "ChessBase"]
[SourceQuality "1"]

{[%evp 28,85,0,-10,0,-14,-6,0,0,-11,0,-19,-12,-9,-11,-17,0,0,0,-8,0,-5,0,0,0,0,0,5,12,12,25,24,24,0,24,24,24,24,29,24,24,24,24,24,24,23,23,23,23,23,23,23,23,8,9,0,0,0,5,5]} 1. e4 e5 2. Nf3 Nc6 3. Bb5 a6 4. Ba4 Nf6 5. O-O Be7 6. Re1 b5 7. Bb3 O-O 8. c3 d6 9. h3 Bb7 10. d4 Re8 11. Nbd2 Bf8 12. d5 Nb8 {[%cal Bc6b8,Bb8d7,Bd7c5][%mdl 32]} 13. Nf1 Nbd7 14. N3h2 Nc5 15. Bc2 c6 {[%cal Rc6d5] C92: Closed Ruy Lopez: 9...Be6, Karpov and Flohr-Zaitsev Variations.} 16. b4 Ncd7 {[%cal Rc6d5]} 17. dxc6 $1 Bxc6 18. Bg5 Qc7 19. Bxf6 Nxf6 20. Ng4 Nxg4 21. hxg4 Bb7 {21...Be7 is becoming the main line.} 22. Qf3 Rac8 {[#]} 23. Ne3 $146 ({Predecessor:} 23. Bb3 d5 24. Bxd5 Bxd5 25. exd5 Qxc3 26. a3 Qxf3 27. gxf3 f6 28. Ne3 g6 29. Rac1 {0-1 (36) Ward,R (2149)-Mayer,J (2057) ICCF email 2003}) 23... Qxc3 {[#]} 24. Bb3 $1 {[%mdl 512]} Re7 (24... Rc7 {seems wilder.} 25. Nd5 Qxf3 26. gxf3 Bxd5 27. Bxd5 Rec8) 25. Nd5 Bxd5 $1 26. Qxc3 Rxc3 27. Bxd5 g6 28. a4 Bh6 29. axb5 axb5 30. Ra5 Kg7 31. Rxb5 {And now Rb8 would win.} Rc2 32. Rb1 {[#] Hoping for Rb8.} Rec7 33. Rb7 Rxb7 34. Bxb7 Rc1+ 35. Rxc1 Bxc1 $11 {[%mdl 4096] Endgame KB-KB} 36. Bd5 Ba3 37. b5 Bc5 38. Kf1 h5 39. gxh5 gxh5 40. g3 Kg6 {The position is equal.} 41. Kg2 f5 42. f3 f4 43. gxf4 {A rather calm draw. Accuracy: White = 100%, Black = 100%.} 1/2-1/2

[Event "Kurnosov Memorial Rapid 2020"]
[Site "Chelyabinsk"]
[Date "2020.09.05"]
[Round "7.7"]
[White "Savchenko, Boris"]
[Black "Fedoseev, Vladimir"]
[Result "1/2-1/2"]
[WhiteElo "2564"]
[BlackElo "2678"]
[Annotator "TA"]
[PlyCount "129"]
[EventDate "2020.09.04"]
[EventType "swiss"]
[EventCountry "RUS"]
[SourceTitle "playchess.com"]
[Source "ChessBase"]
[SourceQuality "1"]

{[%evp 12,129,35,4,22,2,4,0,50,0,0,-14,0,0,0,-51,22,-26,-23,-19,-25,-23,-25,-37,-58,-68,-36,-55,-26,-20,15,0,0,-35,-31,-66,-4,-56,-54,-68,161,152,258,101,140,105,113,114,98,0,45,0,0,0,0,0,75,77,80,-95,-95,-101,-97,-102,-94,-92,-92,-93,-101,-101,-100,-84,-93,-89,-71,-68,-70,-69,-68,-75,-67,-63,-68,-66,-15,-16,0,0,0,0,0,-6,-6,-6,-6,-19,0,0,0,0,0,0,0,0,0,0,0,0,0,0,14,11,14,14,14,10,14,14,14,14]} 1. e4 c5 2. Nf3 d6 3. d4 cxd4 4. Nxd4 Nf6 5. Nc3 a6 6. h3 e5 7. Nb3 Be6 {B90: Sicilian Najdorf: Unusual White 6th moves, 6 Be3 Ng4 and 6 Be3 e5.} 8. Be3 Nbd7 9. Qf3 h5 10. O-O-O Rc8 {[#]} 11. Kb1 $146 ({Predecessor:} 11. Nd5 Nxd5 12. exd5 Bg4 13. hxg4 hxg4 {0-1 (13) Fercec,N (2450)-Zufic,M (2461) Zadar 2015}) 11... g6 12. Bg5 Be7 13. Bd3 (13. Bd2 $11) 13... Kf8 (13... Rxc3 $15 14. bxc3 Qc7) 14. g4 Kg7 {[%cal Rh5g4]} 15. Rhg1 hxg4 16. hxg4 Nh7 17. Bd2 Bg5 18. Be1 Nhf6 19. Be2 Qe7 20. Qd3 Ne8 21. Nd5 Bxd5 22. exd5 Nb6 23. Na5 Rh2 (23... Qc7 $15 24. Bf3 Rh4) 24. Qb3 ({White should play} 24. Qg3 $11 Qc7 25. c4) 24... Qc7 $15 25. Rg3 {Threatening Rc3.} Bd8 $2 (25... Nd7 $1 $15 {keeps the upper hand.} 26. Rc3 Nc5) 26. g5 $18 Qe7 (26... Nd7 $16 {was called for.} 27. Bg4 (27. Nxb7 Rb8 $11) 27... Kg8) 27. Qe3 $2 (27. Bd2 $18 {is more deadly.} Rxf2 28. Rh1) 27... Na4 28. Bg4 Rc5 29. Nb3 Rc4 30. Qe2 (30. Bd2 $16) 30... b5 31. Na5 Bxa5 32. Bxa5 {next b3 is good for White.} Rf4 33. Bf3 e4 {[#]} (33... Qa7 $11 {keeps the balance.}) 34. b3 $1 $16 {[%cal Rb3a4]} Kf8 35. Rh1 $2 ({Reject} 35. bxa4 exf3 36. Qxe7+ Kxe7 $15) (35. Bg2 $16 {stays on course.} Nc5 36. Bd2) 35... Qe5 $36 {[%csl Ga4][%cal Re5b2][%mdl 2048] Black is really pushing.} 36. bxa4 exf3 37. Qxe5 Rxh1+ 38. Qe1 Rxe1+ 39. Bxe1 Rxa4 40. Rxf3 {[%mdl 4096] Endgame KRB-KRN} Rd4 {[#] Strongly threatening ...Rd1+.} 41. Kb2 Rxd5 42. Ra3 Nc7 43. Ba5 Ne6 44. Bb6 Nxg5 45. Rxa6 Ke7 46. c4 bxc4 {White must now prevent ...Ne4.} 47. Kc3 Ne4+ (47... Rf5 $15 48. Kxc4 d5+ 49. Kd3 Ne6) 48. Kxc4 $11 {The position is equal.} Rf5 49. a4 Kd7 ({Don't play} 49... Nxf2 50. a5 $17) 50. Ra7+ Kc6 51. a5 {[%csl Gb6][%cal Ra7c7]} Nd2+ 52. Kc3 Nf3 53. Ra8 Rf4 54. Be3 Ra4 55. Kb3 Ra1 56. a6 {aiming for a7.} d5 57. Rc8+ Kd7 58. Rf8 {Threatens to win with a7.} d4 59. a7 {And now Bc1! would win.} dxe3 60. fxe3 {KRN-KR} Ke6 (60... Nd2+ {with more complications.} 61. Kc3 Nf1 62. Kd3 Ra3+ 63. Ke4 Nxe3 64. a8=Q Rxa8 65. Rxa8 Ng4) 61. a8=R Rxa8 62. Rxa8 Kf5 63. Kc3 Ke4 64. Re8+ Ne5 65. Kd2 {Accuracy: White = 75%, Black = 72%.} 1/2-1/2

[Event "Kurnosov Memorial Rapid 2020"]
[Site "Chelyabinsk"]
[Date "2020.09.05"]
[Round "7.8"]
[White "Predke, Alexandr"]
[Black "Stupak, Kirill"]
[Result "1/2-1/2"]
[WhiteElo "2684"]
[BlackElo "2520"]
[Annotator "TA"]
[PlyCount "20"]
[EventDate "2020.09.04"]
[EventType "swiss"]
[EventCountry "RUS"]
[SourceTitle "playchess.com"]
[Source "ChessBase"]
[SourceQuality "1"]

{[%evp 13,20,24,43,0,0,0,0,-66,-55]} 1. d4 Nf6 2. Nf3 e6 3. g3 c5 4. Bg2 cxd4 5. O-O Nc6 6. Nxd4 Qb6 {6...Bc5 is more advanced technology.} 7. Nb3 d5 8. c4 {A46: 1 d4 Nf6 2 Nf3 e6: Torre, London and Colle Systems.} dxc4 9. N3d2 Qa6 10. a4 {[#]} ({White should play} 10. b3 $11) 10... e5 $146 {White did not feel at home in the position after the opening.} ({Predecessor:} 10... Bb4 11. Na3 Bxa3 12. Rxa3 e5 13. a5 O-O 14. Bxc6 Qxc6 15. Qa4 Qxa4 16. Rxa4 c3 17. bxc3 {0-1 (29) Ma,L (2025)-Ng,T (2150) Penang 2018}) 1/2-1/2